[Event "OLNN 1819 SC Königsspringer HH - Schach"]
[Site "?"]
[Date "2019.04.07"]
[Round "9.5"]
[White "Ritscher, Jan-Paul"]
[Black "Borgmeyer, Max"]
[Result "1/2-1/2"]
[WhiteElo "2236"]
[BlackElo "2176"]
[PlyCount "51"]
[EventDate "2019.??.??"]

1. d4 Nf6 2. c4 e6 3. Nf3 b6 4. g3 Ba6 5. Qc2 Bb4+ 6. Bd2 Be7 7. Bg2 d5 8. Ne5
O-O 9. O-O c6 10. Rd1 Nfd7 11. Nxd7 Nxd7 12. cxd5 cxd5 13. Nc3 f5 14. Rac1 Rc8
15. Qa4 Nb8 16. Bf4 Bd6 17. Bxd6 Qxd6 18. e3 g5 19. Re1 Rc4 20. Qd1 Rc7 21. a3
g4 22. Qd2 Rfc8 23. Bf1 Bxf1 24. Rxf1 a6 25. Ne2 Nd7 26. Rxc7 1/2-1/2

[Event "OLNN 1819 SC Königsspringer HH - Schach"]
[Site "?"]
[Date "2019.04.07"]
[Round "9.6"]
[White "Harder, Clemens"]
[Black "Kull, Florian"]
[Result "0-1"]
[WhiteElo "2169"]
[BlackElo "2184"]
[PlyCount "46"]
[EventDate "2019.??.??"]

1. d4 d5 2. c4 c6 3. Nc3 Nf6 4. cxd5 cxd5 5. Nf3 Nc6 6. Bf4 Bf5 7. e3 e6 8. Bb5
Bb4 9. Qa4 O-O 10. O-O Bxc3 11. bxc3 Ne4 12. Rac1 Rc8 13. c4 dxc4 14. Bxc4 Na5
15. Rfe1 Nxc4 16. Rxc4 Rxc4 17. Qxc4 Qa5 18. Rc1 h6 19. h3 g5 20. Bc7 Qa3 21.
g4 Bh7 22. Rb1 Nxf2 23. Rf1 Bd3 0-1

[Event "OLNN 1819 SC Königsspringer HH - Schach"]
[Site "?"]
[Date "2019.04.07"]
[Round "9.7"]
[White "Dietz, Juergen"]
[Black "Wagner, Friedrich"]
[Result "1/2-1/2"]
[WhiteElo "2175"]
[BlackElo "2136"]
[PlyCount "56"]
[EventDate "2019.??.??"]

1. f4 d5 2. Nf3 c6 3. b3 Bg4 4. e3 Nd7 5. Bb2 Ngf6 6. Be2 e6 7. O-O Be7 8. Ne5
Bxe2 9. Qxe2 O-O 10. d3 Nxe5 11. fxe5 Nd7 12. Nd2 f6 13. Qg4 f5 14. Qe2 Qc7 15.
d4 Rf7 16. c4 Raf8 17. Rac1 Qb8 18. cxd5 cxd5 19. Qb5 Rd8 20. Rc2 Bg5 21. Re1
a6 22. Qe2 Rc8 23. Rec1 Rxc2 24. Rxc2 Be7 25. Qd1 Rf8 26. Qc1 Nb6 27. Ba3 Bxa3
28. Qxa3 Rc8 {(=)} 1/2-1/2

[Event "OLNN 1819 SC Königsspringer HH - Schach"]
[Site "?"]
[Date "2019.04.07"]
[Round "9.8"]
[White "Cremer, Jochen"]
[Black "Gremmel, Jonas Simon"]
[Result "1-0"]
[WhiteElo "2122"]
[BlackElo "1965"]
[PlyCount "89"]
[EventDate "2019.??.??"]

1. c4 c5 2. g3 g6 3. Bg2 Bg7 4. Nc3 Nc6 5. a3 Nf6 6. Rb1 d6 7. b4 cxb4 8. axb4
O-O 9. e3 Ne5 10. d3 Bf5 11. e4 Bd7 12. h3 a6 13. Nge2 Rc8 14. Be3 b5 15. cxb5
Bxb5 16. Nxb5 axb5 17. O-O Qc7 18. f4 Ned7 19. Rc1 Qb8 20. Nd4 Rxc1 21. Qxc1 e5
22. Nc6 Qb7 23. d4 Nh5 24. Kh2 Nb6 25. Na5 Qb8 26. d5 Nc4 27. f5 Nxa5 28. bxa5
Rc8 29. Qb2 Nf6 30. fxg6 fxg6 31. Rb1 Qc7 32. Rc1 Qb7 33. Rxc8+ Qxc8 34. Qxb5
Qc3 35. Bf2 Qc2 36. Qb6 Nd7 37. Qd8+ Nf8 38. Bb6 Qa4 39. Qxd6 Nd7 40. Qc6 Qa3
41. Qe6+ Kf8 42. Qxd7 Bh6 43. Qc8+ Kg7 44. Bc5 Qxa5 45. Qf8# 1-0

[Event "OLNN 1819 SG Turm Kiel II - SK Johanneu"]
[Site "?"]
[Date "2019.04.07"]
[Round "9.1"]
[White "Ertan, Can"]
[Black "Berg, Klaus"]
[Result "1-0"]
[WhiteElo "2404"]
[BlackElo "2299"]
[PlyCount "109"]
[EventDate "2019.??.??"]

1. e4 d5 2. exd5 Qxd5 3. Nc3 Qa5 4. d4 c6 5. Nf3 Nf6 6. Bf4 Bf5 7. Bc4 e6 8.
O-O Nbd7 9. Re1 Be7 10. Qd2 Bb4 11. Nh4 Bxc3 12. bxc3 O-O 13. Nxf5 exf5 14. Bd3
Rfe8 15. c4 Qxd2 16. Bxd2 Ne4 17. Bf4 Nb6 18. f3 Nc3 19. Bd2 Nba4 20. Kf2 g6
21. h4 f6 22. h5 Kf7 23. Rh1 Kg7 24. a3 Rad8 25. hxg6 hxg6 26. d5 cxd5 27. cxd5
a6 28. d6 b5 29. Bh6+ Kf7 30. Bf4 g5 31. Rh7+ Kg8 32. Rah1 Nd1+ 33. Rxd1 Kxh7
34. Bxf5+ Kg7 35. d7 gxf4 36. dxe8=Q Rxe8 37. Rd7+ Kh6 38. Bd3 Nc5 39. Rh7+ Kg5
40. Rg7+ Kh5 41. Bf5 Re5 42. Bc8 Rd5 43. Rc7 Kg6 44. g4 fxg3+ 45. Kxg3 a5 46.
f4 Ne4+ 47. Kg4 f5+ 48. Kf3 b4 49. axb4 axb4 50. Rc6+ Nd6 51. Ke3 Kh5 52. Ba6
Nb5 53. Rb6 Na3 54. Be2+ Kh4 55. Kf2 1-0

[Event "OLNN 1819 SG Turm Kiel II - SK Johanneu"]
[Site "?"]
[Date "2019.04.07"]
[Round "9.2"]
[White "Michna, Marta"]
[Black "Zart, Ruediger"]
[Result "1-0"]
[WhiteElo "2353"]
[BlackElo "2107"]
[PlyCount "73"]
[EventDate "2019.??.??"]

1. e4 c6 2. d3 d5 3. Nd2 e5 4. Ngf3 Bd6 5. g3 Nf6 6. Bg2 O-O 7. O-O Bg4 8. h3
Bxf3 9. Qxf3 dxe4 10. dxe4 Nbd7 11. Qe2 Re8 12. Nf3 Qc7 13. Nh4 Rad8 14. Nf5
Bf8 15. Re1 b5 16. a4 b4 17. a5 Rb8 18. Qf3 Kh8 19. Be3 Nc5 20. Nxg7 Kxg7 21.
Bh6+ Kg8 22. Bxf8 Rxf8 23. Qxf6 Ne6 24. c3 bxc3 25. bxc3 Rb5 26. a6 Qd8 27. Qf3
Qe7 28. h4 Nc5 29. Bf1 Rb2 30. Bc4 Kg7 31. Rad1 Rc2 32. Re3 Rb2 33. Qg4+ Kh8
34. Rf3 Rb6 35. Rxf7 Rxf7 36. Bxf7 Rxa6 37. Qg8# 1-0

[Event "OLNN 1819 SG Turm Kiel II - SK Johanneu"]
[Site "?"]
[Date "2019.04.07"]
[Round "9.3"]
[White "Schroeder, Christoph"]
[Black "Boe, Mads"]
[Result "1/2-1/2"]
[WhiteElo "2136"]
[BlackElo "2303"]
[PlyCount "89"]
[EventDate "2019.??.??"]

1. e4 e6 2. d4 d5 3. Nc3 dxe4 4. Nxe4 Bd7 5. Nf3 Bc6 6. Bd3 Nd7 7. O-O Ngf6 8.
Ned2 Be7 9. Re1 O-O 10. Nc4 b6 11. Nce5 Bb7 12. Qe2 Nxe5 13. dxe5 Nd7 14. c3
Qc8 15. Bf4 Rd8 16. Rad1 Nf8 17. Be4 Bd5 18. c4 Bxe4 19. Rxd8 Qxd8 20. Qxe4 c5
21. h4 Rc8 22. h5 h6 23. Qc2 Rc7 24. Rd1 Rd7 25. Rxd7 Qxd7 26. Qd2 Bd8 27. Qxd7
Nxd7 28. Bd2 f5 29. Bc3 Bc7 30. Kf1 Kf7 31. Ke2 Ke8 32. b3 Kd8 33. Kd3 Kc8 34.
a4 Kb7 35. Bb2 Kc6 36. Bc3 a6 37. Bb2 b5 38. axb5+ axb5 39. Bc3 bxc4+ 40. bxc4
Kb7 41. Kc2 Ka6 42. Kb3 Kb7 43. Kc2 Ka6 44. Kb3 Kb7 45. Kc2 1/2-1/2

[Event "OLNN 1819 SG Turm Kiel II - SK Johanneu"]
[Site "?"]
[Date "2019.04.07"]
[Round "9.5"]
[White "Keyser, Robin"]
[Black "Boehm, Thomas"]
[Result "1/2-1/2"]
[WhiteElo "2022"]
[BlackElo "2117"]
[PlyCount "127"]
[EventDate "2019.??.??"]

1. d4 Nf6 2. Nf3 e6 3. c4 Bb4+ 4. Bd2 Qe7 5. Nc3 Nc6 6. e3 O-O 7. Be2 d6 8. Qc2
e5 9. d5 Nb8 10. e4 Na6 11. a3 Bxc3 12. Bxc3 Nc5 13. Nd2 a5 14. b3 Bd7 15. O-O
Ng4 16. Bxg4 Bxg4 17. b4 axb4 18. axb4 Nd7 19. f3 Bh5 20. Nb3 Bg6 21. Rxa8 Rxa8
22. Na5 b6 23. Nc6 Qe8 24. Qb2 Ra4 25. Ra1 Qa8 26. Rxa4 Qxa4 27. Qa1 Qxa1+ 28.
Bxa1 f5 29. exf5 Be8 30. Nd8 b5 31. c5 Nf6 32. cxd6 cxd6 33. Nb7 Nxd5 34. Nxd6
Bd7 35. Bxe5 Nxb4 36. f6 Nd3 37. Bd4 gxf6 38. Bxf6 b4 39. Nc4 Kf7 40. Nb2 Bb5
41. Nxd3 Bxd3 42. Bh8 Ke6 43. Kf2 Kd5 44. Ke3 Bf1 45. g4 b3 46. h4 Ke6 47. Bb2
Kf7 48. h5 Ke6 49. f4 Bh3 50. f5+ Kf7 51. Kf4 Bf1 52. g5 Bd3 53. Bc3 Kf8 54.
Bb2 Be2 55. h6 Kg8 56. g6 Bd3 57. Kg5 Bc2 58. Kf6 Bd3 59. Bc1 Be4 60. Ke6 Bd3
61. Kf6 Be4 62. Ke5 Bd3 63. Kf6 Be4 64. gxh7+ 1/2-1/2

[Event "OLNN 1819 SG Turm Kiel II - SK Johanneu"]
[Site "?"]
[Date "2019.04.07"]
[Round "9.6"]
[White "Budzyn, Matthias"]
[Black "Schueler, Hendrik"]
[Result "1-0"]
[WhiteElo "2106"]
[BlackElo "2101"]
[PlyCount "111"]
[EventDate "2019.??.??"]

1. e4 e6 2. d4 d5 3. e5 c5 4. c3 Nc6 5. Nf3 Bd7 6. Be2 Qb6 7. O-O cxd4 8. cxd4
Nge7 9. Nc3 Nf5 10. Na4 Qc7 11. g4 Nh6 12. h3 f6 13. Bxh6 gxh6 14. Rc1 fxe5 15.
Nxe5 Bd6 16. f4 O-O 17. Nc5 Bxc5 18. Rxc5 Qd8 19. Rc3 Nxe5 20. fxe5 Rxf1+ 21.
Bxf1 Qb6 22. Rb3 Qc7 23. Qd2 Rf8 24. Qxh6 Qc2 25. Qe3 Qd1 26. Qd3 Qe1 27. Qe2
Qa1 28. Rxb7 Be8 29. Rxa7 Bg6 30. Re7 Qc1 31. Rxe6 Qf4 32. Rf6 Qg3+ 33. Qg2
Qe3+ 34. Qf2 Qxf2+ 35. Rxf2 Rc8 36. Rd2 Rc1 37. Kf2 Kf7 38. Bg2 Ke6 39. Bf3 Be8
40. Ke3 Bb5 41. g5 Bc4 42. Bg4+ Ke7 43. b3 Rc3+ 44. Kf4 Bd3 45. Bf3 Ke6 46. h4
Bb1 47. Bg4+ Ke7 48. Bf5 Rc1 49. Bxb1 Rxb1 50. Rc2 Rd1 51. Rc7+ Ke6 52. Rc6+
Kf7 53. e6+ Ke7 54. Ke5 h5 55. Rc7+ Kd8 56. Kd6 1-0

[Event "OLNN 1819 SG Turm Kiel II - SK Johanneu"]
[Site "?"]
[Date "2019.04.07"]
[Round "9.7"]
[White "Kussin, Bernd"]
[Black "Luckow, Rolf"]
[Result "1/2-1/2"]
[WhiteElo "2094"]
[BlackElo "2224"]
[PlyCount "105"]
[EventDate "2019.??.??"]

1. d4 d5 2. Nf3 Nf6 3. c4 c6 4. cxd5 cxd5 5. Nc3 Nc6 6. Bf4 a6 7. e3 Bg4 8. Be2
Bxf3 9. Bxf3 e6 10. O-O Bd6 11. Bg3 Bxg3 12. hxg3 O-O 13. Rc1 Qd6 14. Na4 Nd7
15. Qd2 Rfc8 16. Nc5 b6 17. Nxd7 Qxd7 18. Be2 Qb7 19. Rc2 a5 20. Rfc1 Ne7 21.
b4 Rxc2 22. Rxc2 g6 23. bxa5 Rxa5 24. Qb4 Ra8 25. a4 h5 26. Bd3 Qd7 27. Bb5 Qd8
28. Bd3 Rc8 29. Rxc8 Nxc8 30. Qc3 Nd6 31. Qc6 Kg7 32. Kf1 Ne8 33. Kg1 Nf6 34.
Kf1 Qb8 35. Kg1 Ng4 36. Be2 Nf6 37. Bf3 Qa7 38. Kf1 Qa5 39. Qb5 Qd2 40. Qe2
Qc1+ 41. Qd1 Qc4+ 42. Kg1 Qb4 43. Kh2 Ne8 44. Qc2 Nd6 45. Qc6 Nc4 46. Be2 Qb3
47. e4 Na5 48. Qc7 dxe4 49. Qe5+ Kh7 50. Qc7 Kg7 51. Qe5+ Kg8 52. Qb8+ Kg7 53.
Qe5+ 1/2-1/2

[Event "OLNN 1819 SG Turm Kiel II - SK Johanneu"]
[Site "?"]
[Date "2019.04.07"]
[Round "9.8"]
[White "Cerny, Thorsten"]
[Black "Zobel, Andrej"]
[Result "1-0"]
[WhiteElo "2031"]
[BlackElo "2063"]
[PlyCount "71"]
[EventDate "2019.??.??"]

1. Nf3 d5 2. g3 c5 3. Bg2 Nc6 4. O-O e5 5. d3 Nf6 6. Nbd2 Be7 7. e4 O-O 8. a4
d4 9. Nc4 Qc7 10. Nh4 Ne8 11. f4 Bxh4 12. gxh4 Qe7 13. f5 Qxh4 14. Rf3 Qe7 15.
Rg3 Kh8 16. Bg5 f6 17. Bd2 Rf7 18. Qh5 Qf8 19. Kh1 Rd7 20. Rg1 Nd6 21. Rh3 Qg8
22. Nxd6 Rxd6 23. Bf3 Bd7 24. Bh6 Be8 25. Qh4 g5 26. fxg6 Bxg6 27. Bh5 Ne7 28.
Rhg3 Rc6 29. Bxg6 Nxg6 30. Qh5 Rc7 31. Rxg6 hxg6 32. Rxg6 Qh7 33. Rxf6 Re7 34.
Qf3 Qg8 35. Qf5 Rae8 36. Bg5 1-0